Score 0/18 Timer 04:00
0 Plays Today
Answer % Correct
Manchester United
97.4%
Southampton
84.2%
Newcastle United
82.2%
Sheffield United
80.5%
Sunderland
79.8%
Bournemouth
79.2%
Portsmouth
78.6%
Tottenham Hotspur
77.5%
West Ham United
77.3%
Answer % Correct
Fulham
76.1%
Burnley
76%
Leeds United
74.5%
Blackburn Rovers
67.6%
Hull City
65.8%
Middlesbrough
64.8%
Queens Park Rangers
64.7%
Huddersfield Town
62.2%
Derby County
56.2%
Remove Ads.
Support Sporcle.
Get the best of Sporcle when you Go Orange. This ad-free experience offers more features, more stats, and more fun while also helping to support Sporcle. Thank you for becoming a member.

You're not logged in!

Compare scores with friends on all Sporcle quizzes.
OR
Log In

Show Comments

Extras

Top Quizzes Today


Score Distribution

Your Account Isn't Verified!

In order to create a playlist on Sporcle, you need to verify the email address you used during registration. Go to your Sporcle Settings to finish the process.

Report this User

Report this user for behavior that violates our Community Guidelines.

Details: